LEADER 01243nam a2200265 i 4500 001 991004044169707536 005 20020506112532.0 008 930416s1989 it ||| | ita 035 $ab10591412-39ule_inst 035 $aEXGIL131191$9ExL 040 $aBiblioteca Interfacoltà$bita 100 1 $aSpagnolo, Gilberto$0451934 245 13$aIl principe perfetto :$bGiovanni Antonio Albricci 3. :$btestimonianze dall'Ignatiados, poema eroico inedito di Francesco Guerrieri, illustre letterato salentino /$cGilberto Spagnolo 260 $aGalatina :$bGrafiche Panico,$c[1989?] 300 $aP. 21-54 :$bill. ;$c24 cm. 500 $aEstr. da: Quaderno di ricerca, Salice Salentino ; ottobre 1989. 600 14$aAlbricci, Giovanni Antonio$c 700 1 $aGuerrieri, Francesco <1563-1629> 907 $a.b10591412$b02-04-14$c27-06-02 912 $a991004044169707536 945 $aLE002 Busta 125/5$g1$i2002000908070$lle002$o-$pE0.00$q-$rl$s- $t0$u1$v0$w1$x0$y.i10676065$z27-06-02 945 $aLE002 Busta 125/5 bis$g2$i2002000908087$lle002$o-$pE0.00$q-$rl$s- $t0$u0$v0$w0$x0$y.i10676077$z27-06-02 996 $aPrincipe perfetto$9236981 997 $aUNISALENTO 998 $ale002$b01-01-93$cm$da $e-$fita$git $h3$i2